Introduction to metadata : pathways to digital information
Αποθηκεύτηκε σε:
| Άλλοι συγγραφείς: | |
|---|---|
| Μορφή: | Βιβλίο |
| Γλώσσα: | English |
| Δημοσίευση: |
[Los Angeles] :
Getty Information Institute,
1998
|
| Θέματα: | |
| Ετικέτες: |
Προσθήκη ετικέτας
Δεν υπάρχουν, Καταχωρήστε ετικέτα πρώτοι!
|
MARC
| LEADER | 00000nam a2200000 i 4500 | ||
|---|---|---|---|
| 001 | 1/76403 | ||
| 008 | 050517s1998 eng d | ||
| 020 | |a 0-89236-533-1 | ||
| 035 | |l 10077973 | ||
| 040 | |a GR-MY-UA |b gre |e aacr | ||
| 041 | 0 | |a eng | |
| 082 | 0 | |a 005.7 |2 (21) | |
| 245 | 1 | 0 | |a Introduction to metadata : |b pathways to digital information / |c edited by Murtha Baca |
| 260 | |a [Los Angeles] : |b Getty Information Institute, |c 1998 | ||
| 300 | |a vi, 41 σ.; |c 24 εκ. | ||
| 504 | |a Περιέχει γλωσσάριο | ||
| 650 | 0 | 0 | |a Database management. |
| 650 | 0 | 0 | |a Metadata. |
| 650 | 0 | 0 | |a World Wide Web. |
| 700 | 1 | |a Baca, Murtha. |4 edt | |
| 852 | |a INST |b LESVOS |e 20050517 |h 005.7 INT |p 005100029748 |q 005100029748 |t BK |y 0 | ||
| 901 | |a BIBL1-2005-2 | ||
| 909 | |a Λ |b 113419 | ||
| 920 | |a ΔΙΕΥΡΥΝΣΗ |b ΕΠΕΑΕΚ-ΠΤΕ |y ΛΕΣΒΟΣ |z 2004-09 | ||
| 970 | |a ΜΑΡΙΝΑΤΟΥ |b ΜΥΡΣΙΝΗ |z 2005/05/17 | ||